000
00202 a2200097 4500
001
36643
100
_a
Haroon Rashid
245
_a
Fatih
260
_a
Lahore
_b
Jang Publishers
_c
090
_c
23692
_d
23692
942
_a
NUST-CAE
_c
M
_c
15216
999
_c
271716
_d
271716